000 00866nam a2200277 a 4500
001 5964
003 BD-RjUL
005 20211208234148.0
008 140108s1981 ilua 001 0 eng
020 _a0256023883 (pbk.)
020 _a0256023905 (pbk.)
035 _a(BD-RjUL)6003
040 _aDLC
_cDLC
_dDLC
_dBD-RjUL
_beng
041 _aeng
082 0 0 _a001.6424
_219
_bMAE 1981
100 1 _aMalley, John C.
_918748
245 1 0 _aEssentials of FORTRAN programming /
_cby John C. Malley, Ralph M. Stair, Jr.
260 _aHomewood, Ill. :
_bR.D. Irwin,
_c1981.
300 _axii, 169 p. :
_bill. ;
_c24 cm.
504 _aIncludes index.
650 0 _aFORTRAN (Computer program language)
_9879
700 1 _aStair, Ralph M.
_918750
942 _2ddc
_cBK
999 _c5964
_d5964